Κοινωνιολογία των μέσων μαζικής επικοινωνίας : ο ρόλος των μέσων στην αναπαραγωγή του σύγχρονου καπιταλισμού

Αποθηκεύτηκε σε:
Λεπτομέρειες βιβλιογραφικής εγγραφής
Κύριος συγγραφέας: Σεραφετινίδου, Μελίνα, 1946-
Μορφή: Βιβλίο
Γλώσσα:Greek
Δημοσίευση: Αθήνα : Gutenberg, 1987, 1991.
Σειρά:Κοινωνιολογική και ανθρωπολογική βιβλιοθήκη ; v.16
Θέματα:
Ετικέτες: Προσθήκη ετικέτας
Δεν υπάρχουν, Καταχωρήστε ετικέτα πρώτοι!

MARC

LEADER 00000cam a2200000 i 4500
001 1/35897
008 950404r20051991gr | ||| |||| ||gre||
020 |a 9600102570 
035 |a 1990  |b 2  |c Αγορά/Σύλλογος Φοιτητών  |l 10024382 
035 |l 10011415 
040 |a GR-MY-UA  |b gre  |e aacr 
041 0 |a gre 
082 7 |a 302.23   |2 (22) 
100 1 |a Σεραφετινίδου, Μελίνα,   |d 1946- 
245 1 0 |a Κοινωνιολογία των μέσων μαζικής επικοινωνίας :   |b ο ρόλος των μέσων στην αναπαραγωγή του σύγχρονου καπιταλισμού /   |c Μελίνα Σεραφετινίδου.  
260 |a Αθήνα :   |b Gutenberg,   |c 1987, 1991.  
300 |a 509 σ. ;   |c 21 εκ.  
490 1 |a (Κοινωνιολογική και ανθρωπολογική βιβλιοθήκη / Gutenberg ;   |v  vol.16)  
500 |a Το Παράρτημα Λέσβου διαθέτει και την ανατύπωση του 2005.  
504 |a Βιβλιογραφία : σ. 501-509.  
650 0 0 |a Capitalism. 
650 0 0 |a Mass media  |x Social aspects. 
650 0 0 |a Mass media  |x Political aspects. 
650 0 0 |a Mass media policy. 
650 0 0 |a Sociology. 
830 0 |a Κοινωνιολογική και ανθρωπολογική βιβλιοθήκη ;  |v  v.16 
852 |a INST  |b CHIOS  |e 19960508  |h 302.23 ΣΕΡ  |p 005200000198  |q 005200000198  |t BK  |y 0 
852 |a INST  |b CHIOS  |e 19960508  |h 302.23 ΣΕΡ  |p 005200000200  |q 005200000200  |t BK  |y 0 
852 |a INST  |b CHIOS  |e 19950327  |h 302.23 ΣΕΡ  |p 005200003712  |q 005200003712  |t BK  |y 0 
852 |a INST  |b LESVOS  |e 19950404  |h 302.23 ΣΕΡ  |p 005100006266  |q 005100006266  |t BK  |y 0 
852 |a INST  |b LESVOS  |e 20090427  |h 302.23 ΣΕΡ  |p 005100044897  |q 005100044897  |t BK  |y 0 
852 |a INST  |b LESVOS  |e 20110405  |h 302.23 ΣΕΡ  |p 005100049131  |q 005100049131  |t BK  |y 4  |x 20210614 
852 |a INST  |b LESVOS  |c EUDOXUS  |e 20141001  |h 302.23 ΣΕΡ  |p 005100055810  |q 005100055810  |t EDX  |y 0 
852 |a INST  |b LESVOS  |c EUDOXUS  |e 20190205  |h 302.23 ΣΕΡ  |p 005100059811  |q 005100059811  |t EDX  |y 4  |x 20210614 
852 |a INST  |b RHODES  |e 19960509  |h 302.23 ΣΕΡ  |p 005400003861  |q 005400003861  |t BK  |y 0 
901 |a BIBL1-2009-1 
901 |a BIBL1-2011-1 
901 |a BIBL1-2014-3 
909 |a Χ  |b 013743 
909 |a Ρ  |b 017838 
909 |a Χ  |b 037529 
909 |a Χ  |b 010089 
909 |a Λ  |b 035150 
909 |a Λ  |b 157753 
909 |a Λ  |b 167842 
909 |a Λ  |b 190868 
920 |a ΕΥΔΟΞΟΣ  |b ΕΠΙΣΤΡΟΦΗ  |y Λέσβος  |z 2014-09 
920 |a Εύδοξος   |b Παραγγελία   |y Λέσβος-ΤΚ  |z 2019-02 
922 |a 1ΕΛΗ  |b 199403  |c ΝΙΚΟΛΑΚΑΚΗΣ 
970 |z 1995/03 
970 |z 1995/04